Statistics for Sub-regions of Finland on a Map

Click here to take the quiz!

General Stats

  • This quiz has been taken 73 times
    (53 since last reset)
  • The average score is 26 of 69

Answers on the Map

Answers color-coded by a green-red scale on the quiz's map according to % correct below.
 

Answer Stats

% Correct
Uusimaa CountyHelsinki
84%
Northern OstrobothniaOulu
77%
Southwest FinlandTurku
71%
LaplandRovaniemi
68%
PirkanmaaTampere
65%
OstrobothniaVaasa
65%
Northern SavoniaKuopio
61%
Päijät-HämeLahti
61%
North KareliaJoensuu
58%
KymenlaaksoKotka – Hamina
58%
Northern SavoniaNortheast Savo
58%
SatakuntaPori
58%
Northern SavoniaYlä-Savo
58%
Northern SavoniaSisä-Savo
55%
Kanta-HämeHämeenlinna
52%
Central FinlandJyväskylä
52%
KymenlaaksoKouvola
52%
South KareliaLappeenranta
52%
Uusimaa CountyPorvoo
52%
Southern SavoniaMikkeli
48%
KainuuKehys-Kainuu
45%
LaplandKemi – Tornio
45%
North KareliaPielinen Karelia
45%
Southern SavoniaSavonlinna
45%
North KareliaCentral Karelia
42%
LaplandEastern Lapland
42%
Northern OstrobothniaKoillismaa
42%
Central OstrobothniaKokkola
42%
LaplandNorthern Lapland
42%
Southern OstrobothniaSeinäjoki
42%
South KareliaImatra
39%
KainuuKajaani
39%
Southwest FinlandSalo
39%
ÅlandMariehamns stad
35%
SatakuntaNorthern Satakunta
35%
OstrobothniaPietarsaari
35%
SatakuntaRauma
35%
Kanta-HämeRiihimäki
35%
PirkanmaaSouthern Pirkanmaa
35%
PirkanmaaSouthwest Pirkanmaa
35%
Central FinlandJämsä
32%
Uusimaa CountyLoviisa
32%
PirkanmaaUpper Pirkanmaa
32%
PirkanmaaNorthwest Pirkanmaa
29%
Northern SavoniaVarkaus
29%
Central FinlandÄänekoski
26%
Kanta-HämeForssa
26%
Central FinlandKeuruu
26%
Southwest FinlandLoimaa
23%
Northern OstrobothniaNivala – Haapajärvi
23%
Northern OstrobothniaRaahe
23%
Southwest FinlandÅboland-Turunmaa
19%
ÅlandArchipelago
19%
Northern OstrobothniaHaapavesi-Siikalatva
19%
Southern SavoniaPieksämäki
19%
Southwest FinlandVakka-Suomi
19%
ÅlandCountryside
16%
Central FinlandJoutsa
16%
Central OstrobothniaKaustinen
16%
Northern OstrobothniaOulunkaari
16%
Uusimaa CountyRaseborg
16%
Central FinlandSaarijärvi – Viitasaari
16%
Northern OstrobothniaYlivieska
16%
LaplandFell-Lapland
13%
Southern OstrobothniaJärviseutu
13%
OstrobothniaSydösterbotten
13%
LaplandTorne Valley
13%
Southern OstrobothniaKuusiokunnat
10%
Southern OstrobothniaSuupohja
10%

Score Distribution

Percentile by Number Answered

Percent of People with Each Score

Your Score History

You have not taken this quiz since the last reset